000 00543nam a2200205 i 4500
001 146623
003 ES-MaACL
005 20230906201617.0
007 t|
008 070913s1964 sp ||||1| spa d
080 _a234.15
080 _a321.3
100 1 _aTreviño, J. G.
_9111350
245 1 3 _aEl reinado del Espíritu Santo /
_cJ.G. Treviño.
250 _a1ª ed. española.
260 _aMadrid :
_bStudium,
_c[1964]
300 _a126 p. ;
_c20 cm.
650 1 4 _aEspíritu Santo.
_912503
852 _aES-MaACL
_jC-25796
_bR.54512
999 _c146623
_d146623